Como se curan los celos y Orlando furioso /

Bibliographic Details
Main Author: Bances Candamo, Francisco Antonio, 1662-1709?
Other Authors: Arellano, Ignacio
Format: Book
Language:English
Published: Ottawa : Dovehouse Editions, 1991.
Series:Ottawa Hispanic studies ; 7.

MARC

Tag First Indicator Second Indicator Subfields
LEADER 00000cam a2200000 a 4500
001 in00001234979
005 20151003060925.0
008 910416s1991 onc b 000 0 eng d
010 |a cn 91090305  
015 |a C91-90305-0 
020 |a 0919473881 (bound) :  |c $36.00 
020 |a 0919473903 (pbk.) :  |c $16.00 
035 |a (OCoLC)23976106 
035 |9 AGS2949AM 
040 |a NLC  |b eng  |c NLC  |d IQU  |d TXA  |d UtOrBLW 
049 |a TXAM 
055 0 0 |a PQ6279 B25  |b C65 1991 
055 0 2 |a PQ6279* 
082 0 |a 862/.3  |2 20 
090 |a PQ6279.B25  |b C65 1991 
100 1 |a Bances Candamo, Francisco Antonio,  |d 1662-1709? 
245 1 0 |a Como se curan los celos y Orlando furioso /  |c Francisco Bances Candamo ; edición, introducción y notas de Ignacio Arellano. 
264 1 |a Ottawa :  |b Dovehouse Editions,  |c 1991. 
300 |a 271 pages ;  |c 23 cm. 
336 |a text  |b txt  |2 rdacontent 
337 |a unmediated  |b n  |2 rdamedia 
338 |a volume  |b nc  |2 rdacarrier 
490 1 |a Ottawa Hispanic studies ;  |v 7 
504 |a Includes bibliographical references (pages [266]-271). 
700 1 |a Arellano, Ignacio. 
830 0 |a Ottawa Hispanic studies ;  |v 7. 
999 |a MARS 
999 f f |s 5ec18097-708d-36a3-a143-2f142010d396  |i f22cb68f-d1b2-3f1f-9350-02358a408da0  |t 0 
952 f f |p ric  |a Texas A&M University  |b Rellis Campus  |c Joint Library Facility  |d Remote Storage  |t 0  |e PQ6279.B25 C65 1991  |h Library of Congress classification  |i unmediated -- volume  |m A14819370087 
998 f f |a PQ6279.B25 C65 1991  |t 0  |l Remote Storage